| 000 | 01234nam a22002297a 4500 | ||
|---|---|---|---|
| 999 |
_c22038 _d22038 |
||
| 003 | AR-CdUCM | ||
| 008 | 190515b ||||| |||| 00| 0 spa d | ||
| 040 |
_aMUNICIPALIDAD PROVINCIAL DEL CUSCO _cBIBLIOTECA MUNICIPAL DEL CUSCO |
||
| 082 | _aInkaRimay/N°3/1994 | ||
| 110 |
_aAcademia Mayor de la Lengua Quechua _97946 |
||
| 245 |
_aRevista Inka Rimay : _bÓrgano Cultural e Informativo de la Academia Mayor de Lengua Quechua / |
||
| 260 |
_aCusco : _bMercantil, _c1994. |
||
| 300 |
_a80 páginas ; _c30 cm. |
||
| 440 |
_aRevista Inka Rimay. _nAño XLI, N°3, 1994 _947230 |
||
| 505 | _aContenido : El nombre Qosqo en sustitución de Cusco es oficializado. -- Escritura de los Inkas. -- Género de los quechuismos en el español. -- Las funciones del Intiwatana lítico. -- El Inti y la Pachamama dos deidades básicas de la Filosofía vitalista del inkanato. -- Ortografía Quechua. -- Usnu, altar. -- Inti Raymi historia viviente del Qosqo. -- Fuentes escritas de la lengua Quechua del Perú. -- Concurso de poesía Quechua Juan A. Manya... | ||
| 650 |
_aInkas _91899 |
||
| 650 |
_aIdioma Quechua _927790 |
||
| 650 |
_aSiglo XX _98 |
||
| 710 |
_aMunicipalidad Provincial del Cusco _947231 |
||
| 942 |
_2ddc _cLIBROS |
||
| 945 | _avhl | ||